01340nab a22002417a 4500003000400000005001700004008004100021040000700062100002700069245012400096260007300220300001500293500007500308505038700383505008900770650002600859650001100885650001000896650001100906650002200917650002300939773013600962OSt20260131202235.0190603e xxum|||| |||| 00| 0 spa d cPJ aPaniagua, Juan Manuel 10aConsideraciones particulares sobre la carga dinámica de la prueba en el proceso de daños / cJuan Manuel Paniagua.  cCiudad Autónoma de Buenos Aires :aThomson Reuters La Ley, b2025. ap. 171-178 aCita: TR LALEY AR/DOC/2803/2025 Publicado en: RCCyC 2025 (Diciembre). aSumario: I. Introducción.— II. Consideraciones preliminares.— III. La regla sobre carga de la prueba en el Cód. Proc. Civ. y Com.— IV. La regla en el Cód. Civ. y Com. en relación con la prueba de los factores de atribución.— V. La operatividad de la distribución dinámica.— VI. La circunscripción del art. 1735 del Cód. Civ. y Com.— VII. Conclusiones.  t¿Te interesa el texto completo? Solicitalo al correo: koha@justierradelfuego.gov.ar 0aRESPONSABILIDAD CIVIL 0aPRUEBA 0aCULPA 0aDAÑO 0aDEFENSA EN JUICIO 0aCARGA DE LA PRUEBA0 02713dCiudad Autónoma de Buenos Aires : Thomson Reuters La Ley, 2015-tRevista Código Civil y Comercial. Nº 6 - Diciembre 2025